000 00781nam0a22002291 4500
001 v19\rc\2074639
005 20250620042813.0
035 _a(NLR Aleph) 005171721
090 _a5074921
_c5074921
100 _a20081218d1917 |||y0rusy50 ca
101 1 _arus
_ceng
102 _aRU
105 _ay z |||||
200 1 _aВиндзорские кумушки
_eКомико-фантаст. опера в 3 актах
_e[Подробное] [краткое] либретто по Шекспиру
_fМуз. Николаи
205 _a[Изд. вновь пересмотр. и доп.]
210 _aКиев
_cЗ.М. Сахнин
_d1917
215 _a14 с.
801 0 _aRU
_bNLR
_gpsbo
801 1 _aRU
_bProSoft-M
_2rusmarc
852 _aNLR
_j37.60.8.547
942 _cBOOK
980 _aNB